Adivina el personaje de Mentes Criminales - Estadísticas

Estadísticas generales
  • Esta prueba ha sido intentada 31 veces
  • La puntuación promedio es 10 de 16
Estadísticas de respuestas
Imagen Respuesta % Correcto
Penelope Garcia
92%
Spencer Reid
88%
David Rossi
84%
Derek Morgan
84%
Aaron "Hotch" Hotchner
80%
Emily Prentiss
80%
Jason Gideon
80%
Diana Reid
68%
Jennifer "JJ" Jareau
68%
Jack Hotchner
64%
Erin Strauss
44%
Luke Alvez
44%
Matt Simmons
36%
Elle Greenaway
32%
Tara Lewis
32%
Will Lamontagne Jr.
28%
No se encontraron pruebas coincidentes
Distribución de puntuación
Porcentaje de gente con cada puntuación
Porcentaje por número respondido
Historial de tus puntuaciones
No has intentado esta prueba.